Η καταγωγή των κόσμων : υλιστική ερμηνεία της προέλευσης του σύμπαντος
Αποθηκεύτηκε σε:
| Κύριος συγγραφέας: | |
|---|---|
| Άλλοι συγγραφείς: | |
| Μορφή: | Βιβλίο |
| Γλώσσα: | Greek French |
| Δημοσίευση: |
[Αθήνα] :
Αναγνωστίδης,
[χ.χ.].
|
| Θέματα: | |
| Ετικέτες: |
Προσθήκη ετικέτας
Δεν υπάρχουν, Καταχωρήστε ετικέτα πρώτοι!
|
MARC
| LEADER | 00000cam a2200000 i 4500 | ||
|---|---|---|---|
| 001 | 1/87194 | ||
| 008 | 051011q19601970gr | ||| |||| ||gre|| | ||
| 035 | |l 10080754 | ||
| 040 | |a GR-MY-UA |b gre |e aacr | ||
| 041 | 1 | |a gre |h fre | |
| 082 | 7 | |a 523.12 |2 (22) | |
| 100 | 1 | |a Laberenne, Paul. | |
| 245 | 1 | 2 | |a Η καταγωγή των κόσμων : |b υλιστική ερμηνεία της προέλευσης του σύμπαντος / |c Paul Laberenne ; μετάφραση: Γιάννης Βιστάκης. |
| 260 | |a [Αθήνα] : |b Αναγνωστίδης, |c [χ.χ.]. | ||
| 300 | |a 237 σ. ; |c 22 εκ. | ||
| 500 | |a Τίτλος πρωτοτύπου: L'origine des mondes. | ||
| 650 | 0 | 0 | |a Cosmogony. |
| 650 | 0 | 0 | |a Science |x History. |
| 700 | 1 | |a Βιστάκης, Γιάννης Ν. |e trl | |
| 852 | |a INST |b RHODES |c KRI |e 20051011 |h 523.12 LAB |p 005400028587 |q 005400028587 |t BK |y 0 | ||
| 901 | |a BIBL4-2005-3 | ||
| 909 | |a Ρ |b 122538 | ||
| 970 | |a ΚΟΖΑ |b ΜΑΡΙΑ |z 2005/10/11 | ||